| 000 | 00380nam a2200133Ia 4500 | ||
|---|---|---|---|
| 008 | 230917s9999||||xx |||||||||||||| ||und|| | ||
| 040 |
_e93317 _aMAIN |
||
| 041 | _aEnglish | ||
| 082 | _a617.7 R199C | ||
| 100 | _aRawal, Savita | ||
| 245 | 0 | _aComparative study of efficacy and side effects i=of betaxolol and timolol in primary open angle glaucoma | |
| 300 | _a80 p. | ||
| 942 | _cTH | ||
| 999 |
_c79559 _d79559 |
||